Facts from figures (Record no. 374393)

000 -LEADER
fixed length control field 00318cam a22001217a 4500
008 - FIXED-LENGTH DATA ELEMENTS--GENERAL INFORMATION
fixed length control field 180718b1958 xxu||||| |||| 00| 0 eng d
082 ## - DEWEY DECIMAL CLASSIFICATION NUMBER
Classification number I5511 M829
100 ## - MAIN ENTRY--PERSONAL NAME
Personal name Moroney, M.J.
245 ## - TITLE STATEMENT
Title Facts from figures
Statement of responsibility, etc. by M.J. Moroney
260 ## - PUBLICATION, DISTRIBUTION, ETC.
Place of publication, distribution, etc. Harmondsworth
Name of publisher, distributor, etc. Penguin Books
Date of publication, distribution, etc. 1958
300 ## - PHYSICAL DESCRIPTION
Extent 472p.
650 ## - SUBJECT ADDED ENTRY--TOPICAL TERM
Topical term or geographic name entry element Statistics
Holdings
Withdrawn status Lost status Damaged status Not for loan Permanent Location Current Location Date acquired Full call number Barcode Date last seen Price effective from Koha item type
        Indian Institute of Public Administration Indian Institute of Public Administration 1994-06-27 I5511 M829 16870 2018-07-21 2018-07-21 Book

Powered by Koha